Регионална библиотека "Любен Каравелов" - Русе

Човеци и нечовеци (Запис номер 47906)

MARC детайли
000 -Лидер
Контролно поле с фиксирана дължина nam a22 a 4500
003 - Код на организацията, давaща контролен номер
Контролно поле BLK
005 - Дата и час на последна редакция
Контролно поле 20220801115642.0
008 - Елементи от данни с фиксирана дължина
fixed length control field 180408b bul|||||r ||||||| ||bul||
040 ## - Източник на каталожния запис
Идентификатор на билиотеката - собственик на записа BLK
041 ## - Код за език
Код за езика на текст/звукозапис или на отделно заглавие Български
Код за езика КДБФ Български
080 ## - УДК
Текстов определител УДК Италианска литература
УДК код - определител по УДК 821.131.1
УДК определител -31
УДК - код + определител 821.131.1-31
100 1# - Редна дума - Автор
Автор Виторини, Елио
Авторска отговорност първи автор
R(LIN) 48415
139 ## - Редно поле
Редна дума Виторини, Елио
Авторски знак Вит - В 65
245 10 - Сведения за заглавието
Заглавие Човеци и нечовеци
Подзаглавни данни Роман
Редно поле (дума) Елио Виторини; прев. от итал. Божан Христов.
257 ## - Страна на издаване
Страна на създаване/издаване Италия
260 ## - Област на издателските данни
Място на издаване, разпространение и проч. София
Име на издателя, разпространителя и проч. Нар. култура
Година на издаване 1972
300 ## - Физическа характеристика
Страници 204 с.
Размери/Мащаб 20 см
380 ## - Жанр
Жанр Худож. лит.
490 ## - СЕРИИ (Колекции)
Име на серия Библиотека Книги за всички
№: серия № 82
9 (RLIN) 204966
650 #4 - Допълнително описание по предмет – тема
Основно описание – тема или топоним Италианска литература
9 (RLIN) 275624
653 ## - Ключова дума – ненормативна
Ключова дума италианска литература
653 ## - Ключова дума – ненормативна
Ключова дума Роман
700 1# - Други автори (авторска отговорност)
Лично име Христов, Божан
Автороска отговорност (Описва отношението между автора и произведението) прев. от итал.
9 (RLIN) 281708
852 ## - Местоположение
Форматна сигнатура Цб 62972
Фондова буква Хранилище
856 4# - Електронен адрес и достъп
Електронен формат pdf - файл
856 4# - Електронен адрес и достъп
Електронен формат pdf - файл
999 ## - СИСТЕМНИ КОНТРОЛНИ НОМЕРА
Koha biblionumber 47906
Koha biblioitemnumber 47906
942 ## - АРТИКУЛИ
Вид на библиотечния материал Книги
Скрит в OPAC Не
Периодичен библиозапис Да
944 ## - СЪЗДАВАНЕ И РЕДАКЦИЯ на ЗАПИСА
Създаване/Редакция Създаване
Дата на регистрацията/редакция 01.09.2016
Служител, извършил регистрацията/редакцията Ирена_Линкова
944 ## - СЪЗДАВАНЕ И РЕДАКЦИЯ на ЗАПИСА
Създаване/Редакция Редакция
Дата на регистрацията/редакция 2022-08-01
Служител, извършил регистрацията/редакцията Кети
999 ## - СИСТЕМНИ КОНТРОЛНИ НОМЕРА
Koha biblioitemnumber 47906
Наличности
Код за отписване Код за изгубен артикул Източник на класификационната схема Код за повреда Коз за рестрикции Код за отдаване Артикулен № Име на библиотеката - собственик Име на библиотеката, в която се намира в момента Статус (Текущо местоположение) Дата на вписване в системата Местоположение - отдел Цена в лева Инвентарен номер Систематично азбучна сигнатура Баркод Номер на екземпляра Цена в евро Служебна бележка Служебен тип на артикула
  Не е изгубен Universal Decimal Classification Не е повреден само за читалня ползва се в читалня 75246 Регионална библиотека "Любен Каравелов" Русе Регионална библиотека "Любен Каравелов" Русе Хранилище 1972-01-01 Хранилище 0.66 116215 Цб 62972 120000116215 1 0.34 Дост: Dp Вид: Д N: сф Дата: 01.01.1972 Книги
Изтеглен Не е изгубен Universal Decimal Classification Не е повреден без рестрикции заемане за дома 75247 Регионална библиотека "Любен Каравелов" Русе Регионална библиотека "Любен Каравелов" Русе Заемна - подръчен фонд 1972-01-01 Заемна - подръчен фонд 0.66 117005 П 850-31/В 65 117005 2 0.34 Дост: Pk Вид: Ф N: сф Дата: 01.01.1972 Книги
Изтеглен Не е изгубен Universal Decimal Classification Не е повреден без рестрикции заемане за дома 75248 Регионална библиотека "Любен Каравелов" Русе Регионална библиотека "Любен Каравелов" Русе Заемна - подръчен фонд 1972-01-01 Заемна - подръчен фонд 0.66 117006 П 850-31/В 65 117006 3 0.34 Дост: Pk Вид: Ф N: сф Дата: 01.01.1972 Книги
Изтеглен Не е изгубен Universal Decimal Classification Не е повреден без рестрикции заемане за дома 75249 Регионална библиотека "Любен Каравелов" Русе Регионална библиотека "Любен Каравелов" Русе Заемна - подръчен фонд 1972-01-01 Заемна - подръчен фонд 0.66 117008 П 850-31/В 65 117008 4 0.34 Дост: Pk Вид: Ф N: сф Дата: 01.01.1972 Книги
Изтеглен Не е изгубен Universal Decimal Classification Не е повреден без рестрикции заемане за дома 75250 Регионална библиотека "Любен Каравелов" Русе Регионална библиотека "Любен Каравелов" Русе Заемна - подръчен фонд 1972-01-01 Заемна - подръчен фонд 0.66 117010 П 850-31/В 65 117010 5 0.34 Дост: Pk Вид: Ф N: сф Дата: 01.01.1972 Книги
Vip Innovations Ltd, Rousse, Bulgaria 2025